La Propuesta de anteproyecto de ley de presupuesto general de la nación
Gespeichert in:
| Format: | Text |
|---|---|
| Schlagworte: | |
| Tags: |
Tag hinzufügen
Keine Tags, Fügen Sie den ersten Tag hinzu!
|
MARC
| LEADER | 00000 a a2200000 04500 | ||
|---|---|---|---|
| 001 | 5761 | ||
| 003 | |||
| 040 | |||
| 245 | |a La Propuesta de anteproyecto de ley de presupuesto general de la nación | ||
| 650 | |a POLITICA ECONOMICA | ||
| 650 | |a POLITICA SOCIAL | ||
| 650 | |a POLITICA AMBIENTAL | ||
| 650 | |a POLITICA PRESUPUESTARIA | ||
| 773 | |g número 920; páginas 7-9 | ||
| 999 | |c 35177 |d 35177 | ||
